02987nam a2200301 i 4500003000600000005001700006007000300023008004300026020001900069040003700088041000800125082003200133100002700165245019200192264008400384300007800468336002800546337003500574338003000609490006900639500004900708505101000757520066601767650004702433650005102480651007802531700007602609AGNRD20260519153845.0ta260519e2024 dr poc|gr|||||||10|bspapa|  a9789945251296. aAGNRDbSpacDO-SdBNPerdadBNPHU aspa aRD 781.599 2T266c 2024b224 aTejada, Daríoeautor0 aLa crueldad alegre : bla música y el poder : una historia sonora de la dictadura de Trujillo /cDarío Tejeda ; diseño, diagramación y cubierta : Juan Francisco Domínguez Novas. aSanto Domingo, República Dominicana :bArchivo General de la Nación,c2024.4 a465 páginas :bilustraciones, fotografías, retratos ; c25.5 x 18 cm. atextobtxt 2rdacontent asin mediación bn 2rdamedia avolumen bnc 2rdacarrier aPublicaciones del Archivo General de la Nación ;vvolumen 392. aIncluye biografía del autor en la solapa.  aComo escuchar los ejemplos musicales de este libro, 13.-- Preludio metodológico sobre la investigación en torno a música y dictadura. Darío Tejeda, 15.-- Prefacio. ¿métodos incruentos? los placeres sensoriales de la música en una dictadura sanguinaria. Darío Tejeda, 19.-- Trujillo, el personaje : un dictador <> / El umbral de la era, 27.-- La dictadura, la música y el poder / Una sonata histórica, 55.-- La configuración del poder sonoro, 65.-- La puesta en escena de la música criolla dominicana, 129.-- La música criolla en la representación sonora de la nación dominicana, 161.-- Disputas musicales frente al escucha, 195.-- El poder sonoro / Las políticas musicales del poder, 231.-- La escena sinfónica y la música de conciertos, 347.-- La música, escena de contrapoder sonoro / Versiones musicales transgresoras, 387.-- Archivos investigados, lugares visitados y fuentes orales consultadas, 415.-- Bibliografía, 421.-- Índice de nombres, 441.  aLa obra "La crueldad alegre: la música y el poder" de Darío Tejeda es una investigación que explora cómo la música fue utilizada como herramienta política por el régimen de Rafael Leónidas Trujillo. Tejeda, con el patrocinio del Archivo General de la Nación, analiza la relación entre cultura y poder, revelando cómo ciertos regímenes han instrumentalizado expresiones culturales para infiltrar la sociedad con políticas determinadas o para enmascararlas. La obra también destaca el papel de la música como símbolo nacional y vehículo de adhesión política, así como su uso como herramienta de persecución y resistencia. aMúsicaxHistoriazRepública Dominicana aMúsicaxHistoriayEra de Trujillo, 1930-1961 aRepública DominicanaxPolítica y gobiernoyEra de Trujillo, 1930-1961 aDomínguez Novas, Juan Franciscoediseño, diagramación y cubierta.